000 00549nam a2200169Ia 4500
003 GCL
008 140319s9999 xx 000 0 ara d
040 _aGCL /
_cGCL
082 0 4 _a812.043
_bم س
100 1 _aمحمد صلاح صقر
245 1 0 _aسوق الكلمات /
_cمحمد صلاح صقر
260 _aالقاهرة :
_bالهيئة المصرية العامة للكتاب ،
_c1997
300 _a177 ص ؛
_c16 سم
650 0 4 _aالادب العربى
650 0 4 _aالمسرحيات العربية - مصر
942 _2ddc
_cBK
999 _c50028
_d50028